000 00305nam a22001217a 4500
020 _a9788189401306
082 _a624.15136
_bMOD/SO
100 _aModi, P N
_9130
245 _aSoil Mechanics and Foundation Engineering
260 _aNew Delhi
_bStandard Book House
_c2010
300 _a1001
942 _cBK
999 _c14164
_d14164